export_success — 

Managing human resources in the global context

Bibliographic Details
Main Author: Mutsuddi, Indranil.
Corporate Author: ProQuest (Firm)
Format: Electronic eBook
Language:English
Published: New Delhi : New Age International, 2012.
Subjects:
Online Access:Click to View
LEADER 01145nam a2200325Ia 4500
001 EBC3017442
003 MiAaPQ
005 20200520144314.0
006 m o d |
007 cr cn|||||||||
008 111102s2012 ii s 001 0 eng d
020 |z 9788122433913 
020 |z 9788122434903 
035 |a (MiAaPQ)EBC3017442 
035 |a (Au-PeEL)EBL3017442 
035 |a (CaPaEBR)ebr10594272 
035 |a (OCoLC)842680836 
040 |a MiAaPQ  |c MiAaPQ  |d MiAaPQ 
050 4 |a HF5549  |b .M88 2012 
100 1 |a Mutsuddi, Indranil. 
245 1 0 |a Managing human resources in the global context  |h [electronic resource] /  |c Indranil Mutsuddi. 
260 |a New Delhi :  |b New Age International,  |c 2012. 
300 |a xv, 219 p. 
500 |a Includes index. 
533 |a Electronic reproduction. Ann Arbor, MI : ProQuest, 2015. Available via World Wide Web. Access may be limited to ProQuest affiliated libraries. 
650 0 |a Human capital. 
650 0 |a Personnel management. 
655 4 |a Electronic books. 
710 2 |a ProQuest (Firm) 
856 4 0 |u https://ebookcentral.proquest.com/lib/matrademy/detail.action?docID=3017442  |z Click to View